000 01591nam0a22003251 4500
001 rc\4256178
005 20250611143649.0
021 _aRU
_bП1177-66
035 _a(NLR Aleph) 008236120
090 _a8247881
_c8247881
100 _a20130416d1966 |||y0rusy50 ca
101 0 _arus
102 _aRU
105 _aa z |||||
200 1 _aПылеобразование при продувке ванны мартеновской печи кислородом
_fЛ.С. Бейтельман, Е.А. Гришанкова, Л.М. Ефимов
210 _aМосква
_cБ. и.
_d1966
215 _a7 с.
_cил.
_d26
225 1 _aМинистерство черной металлургии СССР. Центральный научно-исследовательский институт информации и технико-экономических исследований черной металлургии. Информация
_hСерия 13
_iЭнергетика предприятий черной металлургии
300 _aНа обл. авт. не указаны
300 _aОтпеч. множит. аппаратом
320 _aБиблиогр.: с. 7
700 1 _aБейтельман
_bЛ.С.
_gЛеонид Симхович
701 1 _aГришанкова
_bЕ.А.
701 1 _4070
_7ca
_8rus
_aЕфимов
_bЛ. М.
_cд-р техн. наук
_gЛев Матвеевич
_9261098
_3RU\NLR\AUTH\770261154
801 0 _aRU
_bNLR
_gpsbo
801 1 _aRU
_bELAR
_2rusmarc
852 _aNLR
_jП11/1904
942 _cBOOK
980 _aNB